| 000 | 00784nam a2200229 i 4500 | ||
|---|---|---|---|
| 001 | 74939 | ||
| 003 | ES-MaACL | ||
| 005 | 20250830111413.0 | ||
| 007 | t| | ||
| 008 | 040921s1952 sp ||||1| spa d | ||
| 100 | 1 |
_aGonzález de Vega, Aresio. _958574 |
|
| 245 | 1 | 0 |
_aDoctrina social católica y su aplicación / _cpor Aresio González de Vega. |
| 260 |
_aMadrid : _bCompañía Bibliográfica Española, _c[1952] ( _fNebrija) |
||
| 300 |
_a292 p. : _bil. ; _c20 cm. |
||
| 490 | 1 | _aBiblioteca Fomento Social | |
| 610 | 2 | 4 |
_aIglesia Católica- _xDoctrina social _94642 |
| 710 | 2 |
_aCompañía Bibliográfica Española. _9171207 |
|
| 710 | 2 |
_aFomento Social (Madrid) _9171603 |
|
| 830 | 1 |
_aBiblioteca Fomento Social _9181200 |
|
| 852 |
_aES-MaACL _jC-6004 |
||
| 999 |
_c74939 _d74939 |
||